Statistics for Top 10 Most Populated U.S States by 2050

Click here to take the quiz!

General Stats

  • This quiz has been taken 1,514 times
  • The average score is 9 of 10

Answer Stats

Pop.Answer% Correct
52mCalifornia
99%
46mTexas
99%
22mNew York
98%
31mFlorida
96%
12.5mIllinois
83%
13mGeorgia
81%
11mOhio
80%
13mPennsylvania
79%
12.5mNorth Carolina
77%
10mVirginia
66%

Score Distribution

Percentile by Number Answered

Percent of People with Each Score

Your Score History

You have not taken this quiz